00436nam a2200133 a 450000500170000000800410001702000180005805000260007610000200010224501220012226000420024430000080028644000080029420140412111406.0070328s19uu xx 00 eng d a0-07-572059-0 aTR(GS 372.4bB35 2005 aBereiter , Carl aSRA Open Court Reading Level 1 Blackline masters :bChalenge:Comprehension and language arts skills /cCarl Bereiter. aColumbus, Ohio :bMc Grawhill,c2005. a130 aSRA